00808nam a2200145 a 450000100100000000500170001000800410002704000250006824502870009326000980038030000200047850000420049895201050054099900170064500003926420201002031553.0130619s1988 dr 000 0 spa d aDO-SdBNPbspacBNPHU00aCarta enciclica sollicitudo rei socialis del sumo pontifice Juan Pablo II a los obispos, a los secerdotes, a las familias religiosas, a los hijos e hijas de la iglesia, asi como a todos los hombres de buena voluntad al cumplirse el vigésimo aniversario de la populorum progressio. aSantiago, República Dominicana :bPontificia Universidad Católica Madre y Maestra,c1988. a82 p. ;c22 cm. aIncluye notas al pie de las páginas 0010718PDaPDbPDcCTd2013-06-19iLF1l0o p39264-10r2020-06-25w2020-06-25yLFPDZNo se presta c38754d38754